Statistics for Mars Rovers

Click here to take the quiz!

General Stats

  • This quiz has been taken 24 times
  • The average score is 3 of 5

Answer Stats

YearHintRover% Correct
2003Kicked the bucket during a dust storm on Mars in 2018Opportunity
83%
2011A famous YouTuber, Mark Rober, worked on thisCuriosity
72%
2020Will search for life and collect soil samplesPerseverance
67%
2003Launched with the above; beached in 2009Spirit
67%
1996Studied weather conditionsSojourner
50%

Score Distribution

Percentile by Number Answered

Percent of People with Each Score

Your Score History

You have not taken this quiz